000 01389pam a2200385 i 4500
999 _c381
_d381
001 020608889
003 UkOxU
005 20190808111418.0
008 160112s2016 enkab j 001 0 eng d
015 _aGBB616589
_2bnb
016 7 _a017726251
_2Uk
020 _a9781474903936 (hardback)
035 _a(Uk)017726251
040 _aStDuBDS
_beng
_cStDuBDS
_dUk
_erda
042 _aukblsr
082 0 4 _a909 CHI
_223
100 1 _aChisholm, Jane,
_eauthor.
245 1 0 _aTimelines of world history :
_bfrom stone age to millennium /
_cJane Chisholm ; designed by Keith Newell, Mike Olley, Melissa Alaverdy, Robin Farrow & Julia Rheam ; history consultant: Dr. Anne Millard.
246 1 3 _aUsborne timelines of world history
250 _a[New edition].
264 1 _aLondon :
_bUsborne Publishing Ltd.,
_c2016.
300 _a128 pages :
_billustrations (black and white, and colour), maps (colour) ;
_c31 cm
336 _atext
_2rdacontent
336 _astill image
_2rdacontent
336 _acartographic image
_2rdacontent
337 _aunmediated
_2rdamedia
338 _avolume
_2rdacarrier
500 _aIncludes index.
500 _aFormerly CIP.
_5Uk
650 0 _aWorld history
_vJuvenile literature.
650 0 _aChronology, Historical
_vJuvenile literature.
700 _aMillard, Anne
_eHistory consultant
942 _2ddc
_cNFIC